Statistics for Cities with the most surveillance cameras per capita

Click here to take the quiz!

General Stats

  • This quiz has been taken 24 times
  • The average score is 17 of 35

Answer Stats

CCTV per 1.000 peopleCity / Urban area% Correct
36.96Shanghai
91%
38.19Suzhou
91%
92.14Wuxi
91%
56.20Beijing
87%
67.47London
83%
15.39Moscow
78%
14.85Dongguan
65%
13.65Foshan
65%
22.55Guangzhou
65%
32.37Shenzhen
65%
6.62Hong Kong
61%
5.65Los Angeles
61%
25.76Tianjin
61%
14.18Delhi
57%
10.07Saint Petersburg
57%
14.49Singapore
57%
23.91Wuhan
52%
5.48Bangkok
48%
7.18Istanbul
48%
25.52Chennai
43%
7.96Taipei
43%
12.18Sydney
39%
33.93Chengdu
35%
29.99Hyderabad
35%
40.32Xiamen
35%
39.14Harbin
30%
24.87Nanjing
30%
18.27Chongqing
26%
52.34Hangzhou
26%
44.48Qingdao
26%
5.62Xi'an
26%
27.70Shenyang
22%
16.80Baghdad
17%
15.22Wenzhou
13%
4.96Guadalajara
0%

Score Distribution

Percentile by Number Answered

Percent of People with Each Score

Your Score History

You have not taken this quiz